The approximate minimization of functionals
Guardat en:
| Autor principal: | |
|---|---|
| Format: | Llibre |
| Idioma: | anglès |
| Publicat: |
Englewood Cliffs
Prentice-Hall
1971
|
| Col·lecció: | Prentice-Hall Series in Automatic Computation
|
| Matèries: | |
| Etiquetes: |
Afegir etiqueta
Sense etiquetes, Sigues el primer a etiquetar aquest registre!
|
MARC
| LEADER | 00000nam a2200000 a 4500 | ||
|---|---|---|---|
| 001 | UCP1839 | ||
| 003 | CL-VaPUC | ||
| 008 | 990426e19710000us |||||||||||||||||eng|d | ||
| 082 | 0 | 4 | |a 515 |b DAN |2 21 |
| 100 | 0 | |a Daniel, James W |e author |9 428165 | |
| 245 | 1 | 4 | |a The approximate minimization of functionals |
| 300 | |a 228 p | ||
| 942 | |c BK | ||
| 945 | |d 19990426 00:00:00 |a crobeson | ||
| 260 | |a Englewood Cliffs |b Prentice-Hall |c 1971 | ||
| 650 | 0 | |a Análisis numérico |9 259387 | |
| 650 | 0 | |a Análisis funcional |9 269993 | |
| 650 | 0 | |a Convergencia |9 325469 | |
| 650 | 7 | |a ESPACIOS DE BANACH |2 CL-VaPUC |9 260167 | |
| 650 | 0 | |a Espacio de Hilbert |9 260141 | |
| 583 | |a last modification |c 20150429 04:19:15 |k Rodrigo Vera | ||
| 490 | 0 | |a Prentice-Hall Series in Automatic Computation | |
| 999 | |c 280470 |d 280468 | ||